000 01355cam a2200361 i 4500
001 25696
003 Mx-PuUPA
005 20230323093619.0
008 140415s a gr 001 0 spa d
017 _aB.5.103-2021
020 _a9788467062496
040 _aMx-PuUPA
_bspa
_cMx-PuUPA
_dMx-PuUPA
_erda
041 0 _aspa
100 1 _913946
_aGullo Omodeo, Marcelo,
_eautor
245 1 0 _aMadre patria :
_bdesmontando la leyenda negra desde Bartolomé de las Casas hasta el separatismo catalán /
_cMarcelo Gullo Omodeo ; prólogo de Alfonso Guerra
250 _aDecimotercera edición /
_benero
264 1 _aBarcelona :
_bEditorial Planeta,
_c2023
300 _a538 páginas, 8 láminas (sin paginación) :
_bilustraciones ;
_c23 cm
336 _2rdacontent
_atexto
_btxt
337 _2rdamedia
_asin medio
_bn
338 _2rdacarrier
_avolumen
_bnc
502 _a
650 7 _2armarc
_aCaracterísticas Nacionales
_x
_zEspaña
650 7 _2armarc
_aLeyenda negra (España-Historia)
650 7 _2armarc
_aNacionalismo
651 4 _aEspaña
_xHistoria
_xOpinión pública
651 4 _aAmérica Latina
_xHistoria
651 4 _aAmérica Latina
_xPolítica y gobierno
942 _2ddc
_cLI
_h946
_iG975
_n
999 _c25696
_d25696